| 000 | 00798nam a22002177a 4500 | ||
|---|---|---|---|
| 005 | 20100728120528.0 | ||
| 010 | _aENG-97149 | ||
| 020 |
_a9788124114193 _c595.00 |
||
| 035 | _aEN-80682 | ||
| 037 | _bDBAD/PUB | ||
| 082 | _a820.0355 | ||
| 100 |
_aNandu Ram _92882 |
||
| 245 |
_aBeyond Ambedkar: _bessays in dalits in India / _cby Nandu Ram |
||
| 250 | _arev. ed. | ||
| 260 |
_aNew Delhi _bHar-Anand Publications _c2009 |
||
| 270 |
_aE-49/3, Okhla Industrial Area Phase-II, New Delhi _bNew Delhi _e110020 |
||
| 300 |
_a392p. _c22cm (Hb) |
||
| 500 | _aIncludes bibliographical reference and index | ||
| 942 |
_2ddc _cEN _h820.0355 _mNAN |
||
| 999 |
_c38041 _d38041 |
||